Catalog

Record Details

Catalog Search



Available copies

  • 1 of 1 copy available at LARL/NWRL Consortium.

Current holds

0 current holds with 1 total copy.

Show Only Available Copies
Location Call Number / Copy Notes Barcode Shelving Location Status Due Date
Detroit Lakes Public Library 921 OKP (Text) 33500013623772 Main Available -

Record details

  • ISBN: 9781982183745
  • ISBN: 1982183748
  • Physical Description: 211 pages ; 23 cm
  • Edition: First Simon & Schuster hardcover edition.
  • Publisher: New York, NY : Simon & Schuster, [2022]

Content descriptions

Summary, etc.:
"A poignant, moving memoir and urgent call to ... Read More
Subject: Okporo, Edafe.
Asylum, Right of > United States.
Asylum, Right of > Government policy > United States.
Emigration and immigration law > United States.
Political refugees > Nigeria > Biography.
Immigrants > United States > Biography.
Nigerians > United States > Biography.
Gay men > Nigeria > Biography.
Homophobia > Nigeria > Biography.
Asylum, Right of.
Emigration and immigration law.
Gay men.
Homophobia.
Immigrants.
Nigerians.
Political refugees.
Nigeria.
United States.
Genre: Autobiography
Biography
Autobiographies.
Biographies.
Autobiographies.
LDR 04314cam a2200685 i 4500
001392842
003LARL_NWRL_CONSORTIUM
00520220705195925.0
008211031s2022 nyu 000 0aeng d
040 . ‡aYDX ‡beng ‡erda ‡cYDX ‡dBDX ‡dTP7 ‡dOCLCF ‡dOCLCO ‡dNYP ‡dOCLCO ‡dJTD ‡dWIM
019 . ‡a1281133501 ‡a1281243176 ‡a1313484121
020 . ‡a9781982183745 ‡q(hardcover)
020 . ‡a1982183748 ‡q(hardcover)
035 . ‡a(OCoLC)1281587739 ‡z(OCoLC)1281133501 ‡z(OCoLC)1281243176 ‡z(OCoLC)1313484121
043 . ‡an-us--- ‡af-nr---
08204. ‡a920 ‡223
08204. ‡a305.906912 ‡223
1001 . ‡aOkporo, Edafe, ‡eauthor.
24510. ‡aAsylum : ‡ba memoir & manifesto / ‡cEdafe Okporo.
24631. ‡aMemoir and manifesto
250 . ‡aFirst Simon & Schuster hardcover edition.
264 1. ‡aNew York, NY : ‡bSimon & Schuster, ‡c[2022]
264 4. ‡c©2022
300 . ‡a211 pages ; ‡c23 cm
336 . ‡atext ‡btxt ‡2rdacontent
337 . ‡aunmediated ‡bn ‡2rdamedia
338 . ‡avolume ‡bnc ‡2rdacarrier
520 . ‡a"A poignant, moving memoir and urgent call to action for immigration justice by a Nigerian asylee and global gay rights and immigration activist Edafe Okporo. On the eve of Edafe Okporo's twenty-sixth birthday, he was awoken to a violent mob outside his window in Abuja, Nigeria. The mob threatened his life after discovering the secret Edafe had been hiding for years -- that he is a gay man. Left with no other choice, he purchased a one-way plane ticket to New York City and fled for his life. Though America had always been painted to him as a land of freedom and opportunity, it was anything but when he arrived just days before the tumultuous 2016 Presidential Election. Edafe would go on to spend the next six months at an immigration detention center in Elizabeth, New Jersey. After navigating the confusing, often draconian, US immigration and legal system, he was finally granted asylum. But he would soon realize that America is exceptionally good at keeping people locked up but is seriously lacking in integrating freed refugees into society. Asylum is Edafe's eye-opening, thought-provoking memoir and manifesto, which documents his experiences growing up gay in Nigeria, fleeing to America, navigating the immigration system, and making a life for himself as a Black, gay immigrant. Alongside his personal story is a blaring call to action -- not only for immigration reform but for a just immigration system for refugees everywhere. This book imagines a future where immigrants and asylees are treated with fairness, transparency, and compassion. It aims to help us understand that home is not just where you feel safe and welcome but also how you can make it feel safe and welcome for others." -- ‡cProvided by publisher.
60010. ‡aOkporo, Edafe.
650 0. ‡aAsylum, Right of ‡zUnited States.
650 0. ‡aAsylum, Right of ‡xGovernment policy ‡zUnited States.
650 0. ‡aEmigration and immigration law ‡zUnited States. ‡0(LARL_NWRL_CONSORTIUM)19231
650 0. ‡aPolitical refugees ‡zNigeria ‡vBiography.
650 0. ‡aImmigrants ‡zUnited States ‡vBiography. ‡0(LARL_NWRL_CONSORTIUM)165226
650 0. ‡aNigerians ‡zUnited States ‡vBiography.
650 0. ‡aGay men ‡zNigeria ‡vBiography.
650 0. ‡aHomophobia ‡zNigeria ‡vBiography.
650 7. ‡aAsylum, Right of. ‡2fast ‡0(LARL_NWRL_CONSORTIUM)14209
650 7. ‡aEmigration and immigration law. ‡2fast ‡0(LARL_NWRL_CONSORTIUM)19230
650 7. ‡aGay men. ‡2fast ‡0(LARL_NWRL_CONSORTIUM)22330
650 7. ‡aHomophobia. ‡2fast ‡0(LARL_NWRL_CONSORTIUM)36800
650 7. ‡aImmigrants. ‡2fast ‡0(LARL_NWRL_CONSORTIUM)22737
650 7. ‡aNigerians. ‡2fast ‡0(LARL_NWRL_CONSORTIUM)26829
650 7. ‡aPolitical refugees. ‡2fast ‡0(LARL_NWRL_CONSORTIUM)29597
651 7. ‡aNigeria. ‡2fast ‡0(LARL_NWRL_CONSORTIUM)2458
651 7. ‡aUnited States. ‡2fast ‡0(LARL_NWRL_CONSORTIUM)54625
655 2. ‡aAutobiography
655 2. ‡aBiography
655 7. ‡aAutobiographies. ‡2fast
655 7. ‡aBiographies. ‡2fast
655 7. ‡aAutobiographies. ‡2lcgft
905 . ‡uvanderl
901 . ‡a392842 ‡b ‡c392842 ‡tbiblio ‡soclc

Additional Resources